Advances in Chaos Theory and Intelligent Control

The book reports on the latest advances in and applications of chaos theory and intelligent control. Written by eminent scientists and active researchers and using a clear, matter-of-fact style, it covers advanced theories, methods, and applications in a variety of research areas, and explains key c...

Πλήρης περιγραφή

Λεπτομέρειες βιβλιογραφικής εγγραφής
Συγγραφή απο Οργανισμό/Αρχή: SpringerLink (Online service)
Άλλοι συγγραφείς: Azar, Ahmad Taher (Επιμελητής έκδοσης), Vaidyanathan, Sundarapandian (Επιμελητής έκδοσης)
Μορφή: Ηλεκτρονική πηγή Ηλ. βιβλίο
Γλώσσα:English
Έκδοση: Cham : Springer International Publishing : Imprint: Springer, 2016.
Σειρά:Studies in Fuzziness and Soft Computing, 337
Θέματα:
Διαθέσιμο Online:Full Text via HEAL-Link
LEADER 03194nam a22005775i 4500
001 978-3-319-30340-6
003 DE-He213
005 20160415191908.0
007 cr nn 008mamaa
008 160415s2016 gw | s |||| 0|eng d
020 |a 9783319303406  |9 978-3-319-30340-6 
024 7 |a 10.1007/978-3-319-30340-6  |2 doi 
040 |d GrThAP 
050 4 |a Q342 
072 7 |a UYQ  |2 bicssc 
072 7 |a COM004000  |2 bisacsh 
082 0 4 |a 006.3  |2 23 
245 1 0 |a Advances in Chaos Theory and Intelligent Control  |h [electronic resource] /  |c edited by Ahmad Taher Azar, Sundarapandian Vaidyanathan. 
264 1 |a Cham :  |b Springer International Publishing :  |b Imprint: Springer,  |c 2016. 
300 |a XII, 873 p. 420 illus., 127 illus. in color.  |b online resource. 
336 |a text  |b txt  |2 rdacontent 
337 |a computer  |b c  |2 rdamedia 
338 |a online resource  |b cr  |2 rdacarrier 
347 |a text file  |b PDF  |2 rda 
490 1 |a Studies in Fuzziness and Soft Computing,  |x 1434-9922 ;  |v 337 
520 |a The book reports on the latest advances in and applications of chaos theory and intelligent control. Written by eminent scientists and active researchers and using a clear, matter-of-fact style, it covers advanced theories, methods, and applications in a variety of research areas, and explains key concepts in modeling, analysis, and control of chaotic and hyperchaotic systems. Topics include fractional chaotic systems, chaos control, chaos synchronization, memristors, jerk circuits, chaotic systems with hidden attractors, mechanical and biological chaos, and circuit realization of chaotic systems. The book further covers fuzzy logic controllers, evolutionary algorithms, swarm intelligence, and petri nets among other topics. Not only does it provide the readers with chaos fundamentals and intelligent control-based algorithms; it also discusses key applications of chaos as well as multidisciplinary solutions developed via intelligent control. The book is a timely and comprehensive reference guide for graduate students, researchers, and practitioners in the areas of chaos theory and intelligent control. . 
650 0 |a Engineering. 
650 0 |a Artificial intelligence. 
650 0 |a Statistical physics. 
650 0 |a Dynamical systems. 
650 0 |a Computational intelligence. 
650 0 |a Vibration. 
650 0 |a Dynamics. 
650 0 |a Control engineering. 
650 0 |a Robotics. 
650 0 |a Mechatronics. 
650 1 4 |a Engineering. 
650 2 4 |a Computational Intelligence. 
650 2 4 |a Vibration, Dynamical Systems, Control. 
650 2 4 |a Control, Robotics, Mechatronics. 
650 2 4 |a Artificial Intelligence (incl. Robotics). 
650 2 4 |a Statistical Physics, Dynamical Systems and Complexity. 
700 1 |a Azar, Ahmad Taher.  |e editor. 
700 1 |a Vaidyanathan, Sundarapandian.  |e editor. 
710 2 |a SpringerLink (Online service) 
773 0 |t Springer eBooks 
776 0 8 |i Printed edition:  |z 9783319303383 
830 0 |a Studies in Fuzziness and Soft Computing,  |x 1434-9922 ;  |v 337 
856 4 0 |u http://dx.doi.org/10.1007/978-3-319-30340-6  |z Full Text via HEAL-Link 
912 |a ZDB-2-ENG 
950 |a Engineering (Springer-11647)